000 01056nmm a2200325 a 4500
001 ocm000604360
003 TR-IsHL
005 20201028124723.0
008 130902s2011 tu tur
007 cr cn
020 _a9786054259182
035 _a604360
_b(N$T)
050 0 4 _aHB139
_b.Y56 2011
090 0 4 _aHB139
_b.Y56 2011
100 1 _aYıldırtan, Dina Çakmur
245 1 0 _aE-views uygulamalı temel ekonometri: makro ekonomik verilerle
_h[electronic resource] /
_cDina Çakmur Yıldırtan
250 _a2. bs.
260 _aİstanbul :
_bTürkmen Kitabevi,
_c2011
300 _a290 p.
650 4 _aEkonomi ve Finans
650 4 _aEconomics and Finance
650 0 _aEkonometri
650 0 _aEconometrics
650 0 _aEkonometri
_x Veri işlem
650 0 _aEconometrics
_x Data processing
650 0 _aRegresyon analizi
650 0 _aRegression analysis
650 7 _aBUSINESS & ECONOMICS / Econometrics
_2bisacsh
856 4 0 _uhttp://search.ebscohost.com/login.aspx?direct=true&scope=site&db=e011xww&AN=604360
999 _c3099
_d3099